000 00738nam a22002177a 4500
999 _c38510
_d38510
008 081212t xxu||||| |||| 00| 0beng d
010 _aENG-97585 ENG-137310
020 _c780.00
_a9789380502304
035 _aEN-81118 EN-120842
037 _bDBAD / PUB
040 _adpl
_bEnglish
082 _a327.1740954
245 _aComprehensive security for an emerging India /
_cedited by Kapil Kak
260 _aNew Delhi
_bKW Publishers
_c2010
270 _a4676/12, First Floor, Ansari Road, Daryaganj,
_bNew Delhi
_e110002
300 _axxix, 394p.
_c24cm (Hb)
500 _aIncludes index
600 _aBaba Visakha Singh
_xBiography.
_93725
700 _aKak, Kapil
_93755
942 _2ddc
_cEN
_mCOM
_h327.1740954